Analýza vzniku procesov akumulácie v informačných a sociálnych systémoch
Zdôvodnenie predpokladu, že procesy saturácie v informačných a sociálnych, ale aj v iných systémoch, sú zapríčinené opakovateľnosťou po sebe nasledujúcich podobných alebo identických aktov s možnosťou ich opísania rekurentnými procesmi, ktoré sa dajú v kontinuálnom prípade vyjadriť autokatalytickými...
Guardado en:
| Autor principal: | |
|---|---|
| Formato: | Capítulo de libro |
| Lenguaje: | eslovaco |
| Materias: | |
| Etiquetas: |
Sin Etiquetas, Sea el primero en etiquetar este registro!
|
MARC
| LEADER | 00000nla a2200000 4500 | ||
|---|---|---|---|
| 001 | 0180594 | ||
| 005 | 20240502073100.4 | ||
| 041 | 0 | |a slo | |
| 044 | |a SK | ||
| 245 | 1 | 0 | |a Analýza vzniku procesov akumulácie v informačných a sociálnych systémoch |c Ľubomír Turňa |
| 520 | |a Zdôvodnenie predpokladu, že procesy saturácie v informačných a sociálnych, ale aj v iných systémoch, sú zapríčinené opakovateľnosťou po sebe nasledujúcich podobných alebo identických aktov s možnosťou ich opísania rekurentnými procesmi, ktoré sa dajú v kontinuálnom prípade vyjadriť autokatalytickými vzťahmi. Pri predpoklade rozdielnosti procesov vzhľadom na ich obasah a podstatu však existuje aj synergický efekt týchto procesov. | ||
| 610 | 2 | 0 | |a synergetika |
| 610 | 2 | 0 | |a systémy informačné |
| 610 | 2 | 0 | |a analýza kvalitatívna |
| 100 | 1 | |a Turňa, Ľubomír | |